[Event "Mercredi 2021.10.06 ABCD"]
[Site "Montreal CAN"]
[Date "2021.11.03"]
[Round "5"]
[White "Gauthier, Luc"]
[Black "Kyres, Andrew"]
[Result "1/2-1/2"]
[WhiteElo "1668"]
[BlackElo "1620"]
[PlyCount "89"]
[EventDate "2021.10.06"]
[EventType "tourn"]
[EventRounds "5"]
[EventCountry "CAN"]

1. e4 e5 2. f4 exf4 3. Nf3 Nf6 4. e5 Nh5 5. Be2 g6 6. d4 d6 7. O-O Nc6 8. c3
dxe5 9. Nxe5 Nxe5 10. Bxh5 gxh5 11. dxe5 Qxd1 12. Rxd1 Bg4 13. Rf1 Bc5+ 14. Kh1
Be2 15. Rxf4 Rd8 16. Nd2 Bb5 17. c4 Bc6 18. Rf1 Bd4 19. Nf3 Bxf3 20. Rxf3 Bxe5
21. Bg5 f6 22. Bxf6 Bxf6 23. Rxf6 Ke7 24. Raf1 Rhf8 25. Rxf8 Rxf8 26. Re1+ Kd6
27. Kg1 Rf4 28. b3 h4 29. Rd1+ Kc6 30. Rd5 a6 31. Rh5 b5 32. cxb5+ axb5 33.
Rxh7 Kb6 34. g3 hxg3 35. hxg3 Rd4 36. Rf7 c5 37. Rf6+ Ka5 38. Rf4 Kb4 39. Rf2
c4 40. bxc4 bxc4 41. Kf1 Rd3 42. g4 Rg3 43. Rf4 Ra3 44. Rf2 Rg3 45. Rf4 1/2-1/2

[Event "Mercredi 2021.10.06 ABCD"]
[Site "Montreal CAN"]
[Date "2021.11.03"]
[Round "5"]
[White "Guipi Bopala, Prince Eric jr"]
[Black "Cardin, Guillaume"]
[Result "1-0"]
[WhiteElo "1932"]
[BlackElo "2037"]
[PlyCount "63"]
[EventDate "2021.10.06"]
[EventType "tourn"]
[EventRounds "5"]
[EventCountry "CAN"]

1. d4 Nf6 2. c4 g6 3. Nc3 d5 4. cxd5 Nxd5 5. e4 Nxc3 6. bxc3 Bg7 7. Nf3 c5 8.
Rb1 O-O 9. Be2 Nc6 10. d5 Ne5 11. Nxe5 Bxe5 12. Qd2 e6 13. f4 Bc7 14. O-O exd5
15. exd5 Ba5 16. f5 Bxf5 17. Rxb7 Qd6 18. Rb5 c4 19. Rxa5 Qb6+ 20. Kh1 Qxa5 21.
Rxf5 Rfd8 22. Re5 Rac8 23. Bf3 Rb8 24. g3 Rb1 25. Kg2 h5 26. Re1 Ra1 27. a3 Qb6
28. Qd4 Qb3 29. Bh6 Ra2+ 30. Re2 Rxe2+ 31. Bxe2 f6 32. Qxa7 1-0

[Event "Mercredi 2021.10.06 ABCD"]
[Site "Montreal CAN"]
[Date "2021.11.03"]
[Round "5"]
[White "Jacquet, Stephane"]
[Black "Gadbois, Patrick"]
[Result "0-1"]
[WhiteElo "1994"]
[BlackElo "1901"]
[PlyCount "98"]
[EventDate "2021.10.06"]
[EventType "tourn"]
[EventRounds "5"]
[EventCountry "CAN"]

1. d4 e6 2. c4 d5 3. Nc3 c6 4. e4 dxe4 5. Nxe4 Nf6 6. Nxf6+ Qxf6 7. Nf3 Bb4+ 8.
Bd2 Bxd2+ 9. Qxd2 Nd7 10. Be2 O-O 11. O-O e5 12. d5 cxd5 13. cxd5 Qd6 14. Bc4
Nb6 15. Bb3 h6 16. Rfe1 Re8 17. h3 Bd7 18. Rad1 e4 19. Nd4 Qg6 20. Re3 Re5 21.
Rg3 Rg5 22. Rxg5 hxg5 23. Ne2 g4 24. Nf4 Qg5 25. h4 Qxh4 26. g3 Qf6 27. Qd4
Qxd4 28. Rxd4 Re8 29. Ng2 g5 30. Rb4 Re5 31. Ne3 f5 32. a4 f4 33. gxf4 gxf4 34.
Nc2 Bc8 35. a5 Nd7 36. Rc4 Re8 37. d6 Kh8 38. Ba4 b6 39. Rc7 Rd8 40. Bxd7 Bxd7
41. axb6 axb6 42. Nb4 e3 43. fxe3 fxe3 44. Nd5 e2 45. Kf2 Bb5 46. Nf6 Bd3 47.
d7 g3+ 48. Ke1 g2 49. Rc8 g1=Q+ 0-1

[Event "Mercredi 2021.10.06 ABCD"]
[Site "Montreal CAN"]
[Date "2021.11.03"]
[Round "5"]
[White "Jean, Robert"]
[Black "Barko, Maxim"]
[Result "0-1"]
[WhiteElo "1801"]
[BlackElo "1879"]
[PlyCount "88"]
[EventDate "2021.10.06"]
[EventType "tourn"]
[EventRounds "5"]
[EventCountry "CAN"]

1. d4 d5 2. c4 e6 3. Nc3 a6 4. cxd5 exd5 5. Bf4 Nf6 6. e3 c6 7. Bd3 Bd6 8. Nge2
O-O 9. h3 Re8 10. Qc2 c5 11. Bg5 cxd4 12. Nxd4 h6 13. Bxf6 Qxf6 14. O-O-O Be6
15. Kb1 Nc6 16. a3 Ne5 17. Bf5 Nc4 18. Ka2 Rec8 19. Bd3 b5 20. Qe2 Nxa3 21. f4
b4 22. Na4 Nc4 23. b3 Bd7 24. Bxc4 dxc4 25. Nb6 Bb5 26. Qf3 cxb3+ 27. Kb1 Rab8
28. Nxc8 Rxc8 29. Qb7 Rb8 30. Qd5 b2 31. Qf5 Qe7 32. Rhe1 Bd7 33. Qd3 a5 34.
Nf5 Bxf5 35. Qxf5 Re8 36. Qxa5 Qe4+ 37. Kxb2 Qxg2+ 38. Kb3 Ra8 39. Qxa8+ Qxa8
40. Rxd6 Qa3+ 41. Kc2 b3+ 42. Kc3 b2+ 43. Kc2 Qxd6 44. Rd1 Qb6 0-1

[Event "Mercredi 2021.10.06 ABCD"]
[Site "Montreal CAN"]
[Date "2021.11.03"]
[Round "5"]
[White "Kapush, Oleksandr"]
[Black "Johnson-Constantin, Mathieu"]
[Result "1/2-1/2"]
[WhiteElo "2092"]
[BlackElo "2072"]
[PlyCount "83"]
[EventDate "2021.10.06"]
[EventType "tourn"]
[EventRounds "5"]
[EventCountry "CAN"]

1. e4 Nf6 2. e5 Nd5 3. d4 d6 4. c4 Nb6 5. exd6 cxd6 6. Nc3 g6 7. Be3 Bg7 8. Rc1
Bf5 9. b3 O-O 10. Nf3 Bg4 11. Be2 d5 12. c5 Nc8 13. O-O Nc6 14. h3 Bxf3 15.
Bxf3 e6 16. a3 N8e7 17. Ne2 Nf5 18. Bg4 Nxe3 19. fxe3 Ne7 20. Nf4 Qa5 21. Qd3
h5 22. b4 Qc7 23. Bd1 Rad8 24. Bc2 Nf5 25. Rf3 e5 26. dxe5 Qxe5 27. Bb3 Qe4 28.
Rd1 Qxd3 29. Rxd3 Nh4 30. Rf1 d4 31. e4 Bh6 32. g3 Bxf4 33. Rxf4 g5 34. Rf6 Kg7
35. Rd6 Rxd6 36. cxd6 Ng6 37. Rxd4 Kf6 38. Kf2 Ne5 39. Ke3 Rc8 40. Rd5 Rc3+ 41.
Kd2 Rc8 42. Ke3 1/2-1/2

[Event "Mercredi 2021.10.06 ABCD"]
[Site "Montreal CAN"]
[Date "2021.11.03"]
[Round "5"]
[White "Singher, Jean-Pierre"]
[Black "Mok, Yuen Tak"]
[Result "0-1"]
[WhiteElo "2097"]
[BlackElo "2043"]
[PlyCount "60"]
[EventDate "2021.10.06"]
[EventType "tourn"]
[EventRounds "5"]
[EventCountry "CAN"]

1. Nf3 d5 2. d4 Nf6 3. c4 c6 4. e3 e6 5. Nc3 Nbd7 6. Qc2 Bd6 7. a3 a5 8. Bd3
O-O 9. e4 dxc4 10. Bxc4 e5 11. Be3 Ng4 12. Bg5 Be7 13. Bxe7 Qxe7 14. h3 Ngf6
15. d5 Nb6 16. Ba2 cxd5 17. exd5 e4 18. Nd4 Rd8 19. O-O Nbxd5 20. Bxd5 Nxd5 21.
Qxe4 Qxe4 22. Nxe4 Nf4 23. Nf3 Nd3 24. b4 axb4 25. axb4 Rxa1 26. Rxa1 Nxb4 27.
Ra8 Kf8 28. Kf1 Nc6 29. g4 Ne7 30. Kg2 Bxg4 0-1

[Event "Mercredi 2021.11.17 ABCD"]
[Site "Montreal CAN"]
[Date "2021.11.17"]
[Round "1"]
[White "Abderaouf, Sekki"]
[Black "Chapdelaine, Gwyn"]
[Result "1-0"]
[WhiteElo "1816"]
[BlackElo "1686"]
[PlyCount "63"]
[EventDate "2021.11.17"]
[EventType "tourn"]
[EventRounds "5"]
[EventCountry "CAN"]

1. d4 d5 2. c4 e6 3. Nc3 Nf6 4. Bg5 Be7 5. e3 c5 6. dxc5 O-O 7. cxd5 exd5 8.
Nf3 Nc6 9. Be2 Be6 10. O-O Bxc5 11. Rc1 Be7 12. Qc2 Rc8 13. Rfd1 h6 14. Bh4 Qb6
15. a3 Rfd8 16. b4 a6 17. Qb2 Ne4 18. Na4 Qa7 19. Bxe7 Nxe7 20. Nd4 Bd7 21. Nc3
Nf5 22. Nxf5 Bxf5 23. Nxd5 b5 24. Qe5 Rxc1 25. Rxc1 Be6 26. Nf4 Nf6 27. Nxe6
Re8 28. Qc7 Qxc7 29. Nxc7 Rc8 30. Rc5 Nd7 31. Bg4 Rd8 32. Rd5 1-0

[Event "Mercredi 2021.11.17 ABCD"]
[Site "Montreal CAN"]
[Date "2021.11.17"]
[Round "1"]
[White "Adam, Rafael"]
[Black "Barko, Maxim"]
[Result "0-1"]
[WhiteElo "1921"]
[BlackElo "1899"]
[PlyCount "98"]
[EventDate "2021.11.17"]
[EventType "tourn"]
[EventRounds "5"]
[EventCountry "CAN"]

1. d4 Nf6 2. c4 e6 3. g3 d5 4. Nf3 Bb4+ 5. Bd2 Be7 6. Bg2 O-O 7. O-O Ne4 8. Nc3
f5 9. cxd5 exd5 10. Bf4 c6 11. Qc2 Nd7 12. Ne5 Bf6 13. Nxd7 Bxd7 14. Rfd1 g5
15. Be3 Qe7 16. Qc1 Rae8 17. Rb1 Nd6 18. Rd3 f4 19. gxf4 Bf5 20. fxg5 Bg7 21.
Rd1 Bxb1 22. Nxb1 Nf5 23. Rd3 Nxe3 24. Qxe3 Qf7 25. Qf3 Qd7 26. Qh5 Qf5 27. Bf3
Re6 28. Nc3 b6 29. h4 h6 30. Kf1 hxg5 31. Nd1 g4 32. Qxf5 Rxf5 33. Bg2 Rh5 34.
Ne3 Bh6 35. Ra3 a6 36. Rb3 Rg6 37. a4 Bxe3 38. Rxe3 Rxh4 39. Re8+ Kf7 40. Rb8
Ke6 41. e3 Rh7 42. a5 Rf6 43. Kg1 Rhf7 44. Rg8 Rxf2 45. Rxg4 Rxb2 46. Rg6+ Ke7
47. Bh3 Kd8 48. Rg8+ Ke7 49. Rg6 Kf8 0-1

[Event "Mercredi 2021.11.17 ABCD"]
[Site "Montreal CAN"]
[Date "2021.11.17"]
[Round "1"]
[White "Cardin, Guillaume"]
[Black "Guipi Bopala, Prince Eric jr"]
[Result "1-0"]
[WhiteElo "1988"]
[BlackElo "2086"]
[PlyCount "101"]
[EventDate "2021.11.17"]
[EventType "tourn"]
[EventRounds "5"]
[EventCountry "CAN"]

1. d4 d5 2. c4 e6 3. Nf3 Nf6 4. g3 dxc4 5. Bg2 Nc6 6. Qa4 Nd7 7. Qxc4 Nb6 8.
Qb5 a6 9. Qd3 e5 10. Nxe5 Nb4 11. Qc3 Qxd4 12. Qxd4 Nc2+ 13. Kd1 Nxd4 14. Be3
Nf5 15. Bxb6 cxb6 16. Nc3 b5 17. Bd5 Nd6 18. e3 Be7 19. Ke2 Bf6 20. Nd3 Bd7 21.
Rac1 O-O 22. Rhd1 Bc6 23. Nb4 Bxc3 24. Rxc3 Bxd5 25. Nxd5 Nc4 26. b3 Na5 27.
Ne7+ Kh8 28. Rc7 Rfd8 29. Rxd8+ Rxd8 30. Nf5 Kg8 31. Nd6 f6 32. Nf5 g6 33. Nh6+
Kf8 34. Rxh7 Rd5 35. Rf7+ Ke8 36. Rxf6 g5 37. Rf5 Rxf5 38. Nxf5 Kd7 39. h4 gxh4
40. gxh4 Nc6 41. h5 Ke8 42. Nd6+ Kf8 43. Nxb7 Nb4 44. a3 Nc2 45. Nc5 a5 46. a4
bxa4 47. bxa4 Nb4 48. Nb3 Nc6 49. f4 Kg7 50. Kf3 Kh6 51. Kg4 1-0

[Event "Mercredi 2021.11.17 ABCD"]
[Site "Montreal CAN"]
[Date "2021.11.17"]
[Round "1"]
[White "Gadbois, Patrick"]
[Black "Destree, Frederic"]
[Result "1/2-1/2"]
[WhiteElo "1943"]
[BlackElo "1826"]
[PlyCount "114"]
[EventDate "2021.11.17"]
[EventType "tourn"]
[EventRounds "5"]
[EventCountry "CAN"]

1. d4 g6 2. Nf3 d6 3. c4 Bg7 4. Nc3 Nf6 5. e4 O-O 6. Be2 Na6 7. O-O e5 8. Bg5
h6 9. dxe5 dxe5 10. Bh4 c6 11. Qxd8 Rxd8 12. Rfd1 Bg4 13. a3 Nc5 14. Bxf6 Bxf6
15. b4 Bxf3 16. Bxf3 Nb3 17. Rxd8+ Rxd8 18. Rd1 Nd4 19. a4 Nxf3+ 20. gxf3 Rxd1+
21. Nxd1 Be7 22. b5 cxb5 23. cxb5 Bc5 24. Kf1 Kf8 25. Ke2 Ke7 26. Nb2 Ke6 27.
Nc4 b6 28. Kf1 f5 29. Kg2 Kf6 30. Kg3 g5 31. h3 h5 32. Nd2 Ke6 33. Nc4 Bd4 34.
exf5+ Kxf5 35. Nd6+ Ke6 36. Nc8 Kd5 37. Nxa7 Kc4 38. h4 gxh4+ 39. Kxh4 Kb4 40.
Kxh5 Kxa4 41. Kg4 Bxf2 42. Kf5 Bg3 43. Ke4 Kb4 44. Kd5 Bf4 45. Kc6 Be3 46. Nc8
Ka5 47. Nd6 Kb4 48. Nf5 Bf2 49. Ne7 Ka5 50. Ng6 Bd4 51. Nh4 Kb4 52. Ng6 Ka4 53.
Nxe5 Bxe5 54. Kxb6 Bf4 55. Kc6 Kb4 56. b6 Kc4 57. b7 Kd4 1/2-1/2

[Event "Mercredi 2021.11.17 ABCD"]
[Site "Montreal CAN"]
[Date "2021.11.17"]
[Round "1"]
[White "Gauthier, Luc"]
[Black "Varfalvy, Peter"]
[Result "0-1"]
[WhiteElo "1649"]
[BlackElo "1575"]
[PlyCount "82"]
[EventDate "2021.11.17"]
[EventType "tourn"]
[EventRounds "5"]
[EventCountry "CAN"]

1. e4 c6 2. d4 d5 3. f3 Qb6 4. Nc3 e6 5. a3 c5 6. Be3 Nf6 7. e5 Nfd7 8. Bb5 a6
9. Bxd7+ Bxd7 10. Nge2 Bc6 11. Rb1 Nd7 12. f4 Rc8 13. Qd2 cxd4 14. Nxd4 Bc5 15.
Nce2 Bb5 16. Nxb5 Bxe3 17. Nd6+ Qxd6 18. Qxe3 Qc5 19. Nd4 Qc4 20. c3 h6 21. f5
Ke7 22. Qg3 Qc7 23. Qh4+ f6 24. exf6+ Nxf6 25. O-O e5 26. Ne6 Qb6+ 27. Kh1 g5
28. fxg6 Qxe6 29. Qb4+ Kd7 30. Qxb7+ Rc7 31. Qb3 Rg8 32. Qc2 e4 33. Qa4+ Rc6
34. g7 Rxg7 35. Rbd1 e3 36. Rde1 Qg4 37. Qc2 Re7 38. h3 Qe4 39. Qe2 d4 40. cxd4
Rc2 41. Qxa6 Qxg2# 0-1

[Event "Mercredi 2021.11.17 ABCD"]
[Site "Montreal CAN"]
[Date "2021.11.17"]
[Round "1"]
[White "Hagopian, Christian"]
[Black "Kozlov, Guennadi"]
[Result "1/2-1/2"]
[WhiteElo "1927"]
[BlackElo "1879"]
[PlyCount "71"]
[EventDate "2021.11.17"]
[EventType "tourn"]
[EventRounds "5"]
[EventCountry "CAN"]

1. d4 d5 2. c4 c6 3. Nc3 e6 4. Nf3 dxc4 5. Bg5 Qc7 6. e3 b5 7. Bf4 Qb6 8. g3
Nf6 9. Ne5 Bb7 10. Bg2 Bb4 11. O-O Bxc3 12. bxc3 O-O 13. Rb1 Nd5 14. Qc2 Qa6
15. Nf3 Nd7 16. Ng5 N7f6 17. Be5 h6 18. Ne4 Nd7 19. Nc5 Nxc5 20. dxc5 Qa3 21.
Bd4 Rfe8 22. f4 Rac8 23. e4 Nc7 24. Qb2 Qxb2 25. Rxb2 f6 26. Rd2 e5 27. fxe5
fxe5 28. Be3 Rcd8 29. Rfd1 Rxd2 30. Rxd2 Re7 31. Bh3 Kf7 32. Rf2+ Kg8 33. Rd2
Kf7 34. Rf2+ Kg8 35. Rd2 Ne8 36. Bg2 1/2-1/2

[Event "Mercredi 2021.11.17 ABCD"]
[Site "Montreal CAN"]
[Date "2021.11.17"]
[Round "1"]
[White "Jean, Robert"]
[Black "Fortin-Lavoie, Patrice"]
[Result "1/2-1/2"]
[WhiteElo "1793"]
[BlackElo "1726"]
[PlyCount "82"]
[EventDate "2021.11.17"]
[EventType "tourn"]
[EventRounds "5"]
[EventCountry "CAN"]

1. d4 d5 2. c4 Nc6 3. Nc3 dxc4 4. d5 Ne5 5. Bf4 Ng6 6. Bg3 e5 7. e4 Nf6 8. Bxc4
Bd6 9. Nge2 a6 10. Qd2 O-O 11. f3 Bd7 12. Bf2 Ne8 13. h4 b5 14. Bb3 c5 15. dxc6
Bxc6 16. O-O-O Qc7 17. Kb1 a5 18. Nd5 Bxd5 19. Bxd5 Bb4 20. Qd3 Rb8 21. Rc1 Qe7
22. h5 Nf4 23. Nxf4 exf4 24. Bh4 Qe5 25. Bf2 Nc7 26. Bd4 Qe7 27. Bc3 Rfd8 28.
Qd4 Bxc3 29. Rxc3 Ne6 30. Qe5 Qd6 31. Qf5 h6 32. Rhc1 b4 33. Rc6 Qe7 34. Bxe6
fxe6 35. Qxf4 b3 36. Rc7 bxa2+ 37. Kxa2 Rxb2+ 38. Kxb2 Qb4+ 39. Kc2 Qa4+ 40.
Kc3 Qb4+ 41. Kc2 Qa4+ 1/2-1/2

[Event "Mercredi 2021.11.17 ABCD"]
[Site "Montreal CAN"]
[Date "2021.11.17"]
[Round "1"]
[White "Lima-Barbosa, Raphael"]
[Black "Millette, Sylvain"]
[Result "1-0"]
[WhiteElo "1811"]
[BlackElo "1722"]
[PlyCount "61"]
[EventDate "2021.11.17"]
[EventType "tourn"]
[EventRounds "5"]
[EventCountry "CAN"]

1. d4 Nf6 2. c4 g6 3. Nc3 d5 4. cxd5 Nxd5 5. e4 Nxc3 6. bxc3 c5 7. Nf3 Bg7 8.
Rb1 O-O 9. Be2 Bg4 10. Rxb7 cxd4 11. cxd4 Bxf3 12. Bxf3 Bxd4 13. O-O Nc6 14.
Qa4 Ne5 15. Be2 Qc8 16. Qxd4 Qxb7 17. Qxe5 f6 18. Qe6+ Kg7 19. Ba3 Rac8 20.
Bxe7 Rf7 21. Ba3 Rc6 22. Qe8 Rc2 23. Bf3 Rxa2 24. e5 Qd7 25. exf6+ Kxf6 26.
Qh8+ Rg7 27. Rd1 Rd2 28. Bb2+ Kg5 29. h4+ Kf4 30. Rxd2 Qxd2 31. Qf8+ 1-0

[Event "Mercredi 2021.11.17 ABCD"]
[Site "Montreal CAN"]
[Date "2021.11.17"]
[Round "1"]
[White "Martel, Paul"]
[Black "Rodi, Mathieu"]
[Result "1-0"]
[WhiteElo "1600"]
[BlackElo "1600"]
[PlyCount "71"]
[EventDate "2021.11.17"]
[EventType "tourn"]
[EventRounds "5"]
[EventCountry "CAN"]

1. b4 Nf6 2. Bb2 g6 3. e3 Bg7 4. Nf3 d5 5. Be2 Bg4 6. O-O O-O 7. d3 Nbd7 8.
Nbd2 Re8 9. c4 c6 10. a3 e5 11. h3 Bxf3 12. Nxf3 Qe7 13. Qc2 Rad8 14. Rfd1 e4
15. dxe4 dxe4 16. Nd4 Ne5 17. c5 Qc7 18. Rac1 Rd5 19. b5 Bf8 20. Nb3 Red8 21.
Bd4 cxb5 22. Bxb5 a6 23. Bc4 Nxc4 24. Qxc4 Bg7 25. Qc2 Qe7 26. Na5 Qc7 27. Nc4
Ne8 28. Nb6 Rf5 29. Qxe4 Bxd4 30. Rxd4 Re5 31. Qc2 Rxd4 32. exd4 Rg5 33. Qe2
Rf5 34. Qe3 Ng7 35. g4 Rf4 36. Nd5 1-0

[Event "Mercredi 2021.11.17 ABCD"]
[Site "Montreal CAN"]
[Date "2021.11.17"]
[Round "1"]
[White "Milosz, Jerzy"]
[Black "Batorshyn, Ilia"]
[Result "0-1"]
[WhiteElo "1610"]
[BlackElo "1599"]
[PlyCount "64"]
[EventDate "2021.11.17"]
[EventType "tourn"]
[EventRounds "5"]
[EventCountry "CAN"]

1. e4 c5 2. Nf3 e6 3. d4 cxd4 4. Nxd4 Nf6 5. Nc3 Nc6 6. Be3 Bb4 7. Nde2 Nxe4 8.
a3 Nxc3 9. Nxc3 Bxc3+ 10. bxc3 d5 11. Bb5 O-O 12. O-O a6 13. Be2 e5 14. Bg4 f5
15. Be2 f4 16. Bc5 Re8 17. Bg4 e4 18. Bxc8 Rxc8 19. Qg4 Ne5 20. Qxf4 Rxc5 21.
Qe3 Qc7 22. Qd4 Ng4 23. g3 Ne5 24. Kg2 Nf3 25. Qd1 Qe5 26. Rb1 b5 27. Rb3 Rec8
28. c4 Rxc4 29. Rxf3 exf3+ 30. Qxf3 Qe4 31. Rd1 Rxc2 32. Rxd5 Rxf2+ 0-1

[Event "Mercredi 2021.11.17 ABCD"]
[Site "Montreal CAN"]
[Date "2021.11.17"]
[Round "1"]
[White "Rodrigue-Lemieux, Shawn"]
[Black "Beaudry, Marc-Andre"]
[Result "1/2-1/2"]
[WhiteElo "2401"]
[BlackElo "2005"]
[PlyCount "106"]
[EventDate "2021.11.17"]
[EventType "tourn"]
[EventRounds "5"]
[EventCountry "CAN"]

1. c4 c6 2. Nf3 d5 3. g3 Nf6 4. Bg2 Bf5 5. cxd5 cxd5 6. Qb3 Qb6 7. Qxb6 axb6 8.
Nc3 e6 9. d3 h6 10. O-O Be7 11. Nb5 O-O 12. Nc7 Ra5 13. Nd4 Bg6 14. Nb3 Ra4 15.
Be3 Rc8 16. Rfc1 Nbd7 17. Rc3 Bb4 18. Nxd5 Bxc3 19. Ne7+ Kh7 20. Nxc8 Bxb2 21.
Rb1 Rxa2 22. Nxb6 Nxb6 23. Bxb6 Nd5 24. Bxd5 exd5 25. Bd4 Ba3 26. Kf1 Bf5 27.
f3 Bd6 28. Bc5 Be5 29. Be3 Rb2 30. Rxb2 Bxb2 31. Ke1 Bd7 32. Kd2 Be5 33. Bd4
Bc7 34. Bc3 h5 35. Ke3 h4 36. Ba5 Bb8 37. Be1 h3 38. f4 Bg4 39. Bb4 g5 40. Bc5
gxf4+ 41. gxf4 Bc7 42. Nd4 Ba5 43. Kf2 Bc3 44. Nb5 Bd2 45. e3 Bd7 46. Nd6 b5
47. Nxf7 b4 48. Ng5+ Kg8 49. Nf3 Bc3 50. Bd4 Bxd4 51. Nxd4 Ba4 52. e4 b3 53.
Nxb3 Bxb3 1/2-1/2

[Event "Mercredi 2021.11.17 ABCD"]
[Site "Montreal CAN"]
[Date "2021.11.17"]
[Round "1"]
[White "Singher, Jean-Pierre"]
[Black "Mok, Yuen Tak"]
[Result "0-1"]
[WhiteElo "2039"]
[BlackElo "2062"]
[PlyCount "124"]
[EventDate "2021.11.17"]
[EventType "tourn"]
[EventRounds "5"]
[EventCountry "CAN"]

1. c4 c6 2. Nf3 d5 3. e3 Nf6 4. Be2 Bg4 5. cxd5 cxd5 6. Qb3 Qb6 7. Nc3 Qxb3 8.
axb3 Bd7 9. Nb5 Bxb5 10. Bxb5+ Nfd7 11. d3 e6 12. Ne5 Bd6 13. d4 f6 14. Nd3 Ke7
15. Bd2 Rc8 16. Bb4 Bxb4+ 17. Nxb4 Nb6 18. Kd2 N8d7 19. Bd3 h6 20. h4 Rc7 21.
Rhc1 Rxc1 22. Rxc1 Rc8 23. Ra1 a6 24. h5 Rc7 25. g4 Nc8 26. f3 Nd6 27. e4 dxe4
28. fxe4 Nf7 29. Nc2 e5 30. Ne3 Kf8 31. d5 Nc5 32. Ke2 Nxb3 33. Ra3 Nd4+ 34.
Kd2 Nd6 35. Nf5 N4xf5 36. gxf5 Ke7 37. Rc3 Kd8 38. Rb3 Kc8 39. Rb6 Kd7 40. b3
Ke7 41. Kd1 Rd7 42. Ke2 Nc8 43. Re6+ Kf7 44. Bc4 Rd6 45. b4 Rxe6 46. dxe6+ Ke7
47. Bd5 Nd6 48. Kd3 b6 49. Bc6 Kd8 50. Kc3 Kc7 51. Bd5 Nb5+ 52. Kd3 Nd4 53. Kc4
Kd6 54. Bb7 a5 55. bxa5 bxa5 56. Kd3 a4 57. Bd5 a3 58. Ba2 Nf3 59. Ke2 Ng5 60.
Ke3 Nh3 61. Kf3 Nf4 62. Kg4 Nd3 0-1

[Event "Mercredi 2021.11.17 ABCD"]
[Site "Montreal CAN"]
[Date "2021.11.24"]
[Round "2"]
[White "Abderaouf, Sekki"]
[Black "Lima-Barbosa, Raphael"]
[Result "0-1"]
[WhiteElo "1816"]
[BlackElo "1811"]
[PlyCount "114"]
[EventDate "2021.11.17"]
[EventType "tourn"]
[EventRounds "5"]
[EventCountry "CAN"]

1. d4 Nf6 2. c4 g6 3. Nc3 d5 4. cxd5 Nxd5 5. e4 Nxc3 6. bxc3 Bg7 7. Bc4 c5 8.
Ne2 O-O 9. O-O Nc6 10. Be3 Qc7 11. Qc2 Na5 12. Bb3 Nxb3 13. axb3 cxd4 14. Bxd4
Bh6 15. Bxa7 Bd7 16. Be3 Bxe3 17. fxe3 Qb6 18. Qd3 Rad8 19. Qd4 Qxb3 20. Qb4
Qxb4 21. cxb4 Bb5 22. Rfe1 Bd3 23. Ng3 h5 24. h4 Rd7 25. Rac1 b5 26. Red1 Rfd8
27. Kf2 f6 28. Ke1 Kf7 29. Rd2 Ke6 30. Rcd1 Rd6 31. Rc1 Bc4 32. Rxd6+ Rxd6 33.
Ne2 Ke5 34. Nc3 Rd3 35. Kf2 Rd2+ 36. Kf3 Rb2 37. Nxb5 Be2+ 38. Kg3 Bxb5 39.
Rc5+ Kxe4 40. Rxb5 Kxe3 41. Rb6 Ke2 42. Re6+ Kf1 43. Rxe7 Rxg2+ 44. Kh3 Rb2 45.
Re6 Kg1 46. Re1+ Kf2 47. Re6 f5 48. Rxg6 Rb3+ 49. Kh2 Rxb4 50. Kh3 Rg4 51. Rg5
f4 52. Rxh5 Rg3+ 53. Kh2 f3 54. Rg5 Rg2+ 55. Kh1 Rxg5 56. hxg5 Ke2 57. g6 f2
0-1

[Event "Mercredi 2021.11.17 ABCD"]
[Site "Montreal CAN"]
[Date "2021.11.24"]
[Round "2"]
[White "Batorshyn, Ilia"]
[Black "Martel, Paul"]
[Result "1-0"]
[WhiteElo "1599"]
[BlackElo "1609"]
[PlyCount "47"]
[EventDate "2021.11.17"]
[EventType "tourn"]
[EventRounds "5"]
[EventCountry "CAN"]

1. d4 Nf6 2. g3 e6 3. Bg2 d5 4. c4 c6 5. Nf3 Be7 6. O-O Nbd7 7. Nbd2 O-O 8. Qc2
b6 9. e4 dxe4 10. Nxe4 Bb7 11. Ne5 Qc7 12. Bf4 Nxe5 13. dxe5 Nxe4 14. Bxe4 h6
15. Rae1 Rad8 16. Qe2 Bb4 17. Rb1 g5 18. Qg4 Bd2 19. Bxd2 Rxd2 20. f4 Qe7 21.
h4 f5 22. exf6 Qxf6 23. fxg5 h5 24. Bh7+ 1-0

[Event "Mercredi 2021.11.17 ABCD"]
[Site "Montreal CAN"]
[Date "2021.11.24"]
[Round "2"]
[White "Cardin, Guillaume"]
[Black "Singher, Jean-Pierre"]
[Result "1-0"]
[WhiteElo "1988"]
[BlackElo "2039"]
[PlyCount "113"]
[EventDate "2021.11.17"]
[EventType "tourn"]
[EventRounds "5"]
[EventCountry "CAN"]

1. d4 Nf6 2. c4 e6 3. g3 d5 4. Nf3 Be7 5. Bg2 O-O 6. O-O c6 7. Qc2 b6 8. Nbd2
Bb7 9. e4 Na6 10. e5 Nd7 11. b3 c5 12. Bb2 Rc8 13. Rac1 Nb4 14. Qb1 dxc4 15.
Nxc4 Rc7 16. a3 Qa8 17. axb4 Bxf3 18. Bxf3 Qxf3 19. bxc5 bxc5 20. Nd2 Qd5 21.
Qe4 Nb6 22. Qxd5 exd5 23. dxc5 Rxc5 24. Bd4 Ra5 25. Ra1 Bb4 26. Nf3 Nc8 27.
Rxa5 Bxa5 28. Bc5 Rd8 29. Nd4 Bb6 30. Rc1 Bxc5 31. Rxc5 Nb6 32. Ra5 Rd7 33. f4
g6 34. Kf2 h5 35. Ke3 Rc7 36. Kd3 Kf8 37. Ne2 Ke7 38. Nc3 Ke6 39. Kd4 Rd7 40.
h3 f6 41. exf6 Kxf6 42. Nb5 Nc8 43. Ra6+ Kf5 44. Kd3 Nb6 45. Nxa7 h4 46. g4+
Kxf4 47. Rxb6 Rxa7 48. Rxg6 Kg3 49. Kd4 Rb7 50. Re6 Rxb3 51. Re3+ Rxe3 52. Kxe3
d4+ 53. Kd3 Kxh3 54. g5 Kg2 55. g6 h3 56. g7 h2 57. g8=Q+ 1-0

[Event "Mercredi 2021.11.17 ABCD"]
[Site "Montreal CAN"]
[Date "2021.11.24"]
[Round "2"]
[White "Chapdelaine, Gwyn"]
[Black "Fortin-Lavoie, Patrice"]
[Result "0-1"]
[WhiteElo "1686"]
[BlackElo "1726"]
[PlyCount "78"]
[EventDate "2021.11.17"]
[EventType "tourn"]
[EventRounds "5"]
[EventCountry "CAN"]

1. e4 Nc6 2. d4 e5 3. Nf3 exd4 4. Nxd4 Bc5 5. Be3 Bb6 6. Nc3 d6 7. Bc4 Ne5 8.
Be2 Nf6 9. h3 Qe7 10. O-O Be6 11. Nxe6 fxe6 12. Bxb6 axb6 13. f4 Ned7 14. Qd4
e5 15. Qc4 c6 16. f5 b5 17. Qd3 b4 18. Nd1 Nc5 19. Qc4 Ncxe4 20. Qxb4 d5 21.
Qb6 O-O 22. Ne3 Ng3 23. Rfe1 Nfe4 24. Bf3 Nd2 25. Be2 Nxe2+ 26. Rxe2 Ra6 27.
Nxd5 cxd5 28. Qb5 Nc4 29. Qxd5+ Qf7 30. Qxf7+ Rxf7 31. b3 Nd6 32. g4 Rc7 33. c4
Kf7 34. Rae1 Kf6 35. h4 h5 36. c5 Nb5 37. a4 Nd4 38. Re3 hxg4 39. Rd1 Nxf5 0-1

[Event "Mercredi 2021.11.17 ABCD"]
[Site "Montreal CAN"]
[Date "2021.11.24"]
[Round "2"]
[White "Destree, Frederic"]
[Black "Barko, Maxim"]
[Result "0-1"]
[WhiteElo "1826"]
[BlackElo "1899"]
[PlyCount "64"]
[EventDate "2021.11.17"]
[EventType "tourn"]
[EventRounds "5"]
[EventCountry "CAN"]

1. g3 f5 2. Bg2 g6 3. c4 Nf6 4. Nc3 Bg7 5. d3 d6 6. Rb1 O-O 7. a3 a5 8. e3 e5
9. Nge2 c6 10. O-O Be6 11. b4 axb4 12. axb4 d5 13. cxd5 cxd5 14. d4 e4 15. Nf4
Bf7 16. h4 h6 17. Bd2 Nbd7 18. Ra1 Nb6 19. Rxa8 Qxa8 20. Qa1 Qe8 21. Rc1 Qe7
22. Bf1 Ra8 23. Qb1 g5 24. hxg5 hxg5 25. Nfe2 Nc4 26. Be1 Qd7 27. Nd1 Bh5 28.
Nb2 b5 29. Nc3 Bf8 30. Nxb5 Bf3 31. Rxc4 Qh7 32. Bg2 Ng4 0-1

[Event "Mercredi 2021.11.17 ABCD"]
[Site "Montreal CAN"]
[Date "2021.11.24"]
[Round "2"]
[White "Gadbois, Patrick"]
[Black "Hagopian, Christian"]
[Result "1/2-1/2"]
[WhiteElo "1943"]
[BlackElo "1927"]
[PlyCount "80"]
[EventDate "2021.11.17"]
[EventType "tourn"]
[EventRounds "5"]
[EventCountry "CAN"]

1. d4 d5 2. Nf3 Nf6 3. Bf4 Bf5 4. e3 e6 5. Bd3 Bg6 6. O-O Bd6 7. Ne5 Bxd3 8.
cxd3 O-O 9. Nc3 a6 10. Qf3 c5 11. dxc5 Bxc5 12. d4 Bd6 13. Rac1 Nc6 14. Nxc6
bxc6 15. Bg5 Be7 16. Bxf6 Bxf6 17. Na4 Qd6 18. Nc5 e5 19. Qg3 Ra7 20. Rc2 Qe7
21. Nb3 Rc8 22. Qg4 Rac7 23. Rfc1 exd4 24. exd4 g6 25. Qf3 Bg7 26. Qd3 Qb4 27.
Rd1 a5 28. a3 Qb6 29. g3 Bf8 30. Rdc1 a4 31. Nc5 Bxc5 32. dxc5 Qa7 33. Re1 Rd8
34. Qd4 Re7 35. Rxe7 Qxe7 36. Qxa4 d4 37. Rc1 d3 38. b4 d2 39. Rd1 Qe1+ 40. Kg2
Qe4+ 1/2-1/2